|
|
|
|
| LEADER |
00000nab a2200000 a 4500 |
| 001 |
vtls000336321 |
| 003 |
SK-MaSNL |
| 005 |
20260303101913.0 |
| 008 |
230120c1988 xo 0 slo |
| 015 |
|
|
|a SNBRB19rr/mm-uuuuu
|
| 035 |
|
|
|a CL0336443
|
| 035 |
|
|
|a urn:nbn:sk:snk-ab8ao
|
| 035 |
|
|
|a (urnnbn)urn:nbn:sk:snk:ar-005l5j
|
| 035 |
|
|
|a (uuid)a0bc7a8c-b501-490e-a973-c16c4fb9a126
|
| 040 |
|
|
|a SNKBUCL
|b slo
|c SNKBUCL
|e AACR2
|
| 041 |
0 |
|
|a slo
|
| 044 |
|
|
|a xo
|c SK
|
| 080 |
|
|
|a 73/76(437.6):061.4
|2 1981
|
| 080 |
|
|
|a 061.4
|2 1981
|
| 245 |
0 |
0 |
|a K Salónu ; Zuzana Vallová, Barbara Sitárová, Ľudo ml. Petránsky, Ingrid Gajdošová, Desana Lacková, Mária Borodajkevyčová
|
| 650 |
0 |
7 |
|a slovenské výtvarné umenie
|2 snkbucl
|9 68597
|
| 650 |
0 |
7 |
|a Salón 1988, Bratislava (výstava výtvarná)
|2 snkbucl
|9 956526
|
| 650 |
0 |
7 |
|a Dom umenia (Bratislava, Slovensko)
|2 snkbucl
|9 930303
|
| 655 |
|
7 |
|a články z novín a časopisov
|2 snkbucl
|9 267496
|
| 700 |
1 |
|
|a Vallová, Zuzana
|4 aut
|9 780752
|
| 700 |
1 |
|
|a Sitárová, Barbara
|4 aut
|9 490197
|
| 700 |
1 |
|
|a Petránsky, Ľudovít,
|d 1966-
|4 aut
|9 157433
|
| 700 |
1 |
|
|a Gajdošová, Ingrid
|4 aut
|9 314517
|
| 700 |
1 |
|
|a Lacková, Desana
|4 aut
|9 314518
|
| 700 |
1 |
|
|a Borodajkevyčová, Mária
|4 aut
|9 786514
|
| 773 |
0 |
|
|t Výtvarný život
|g Roč. 33, č. 8 (1988), s. 52-55
|
| 850 |
|
|
|a Slovenská národná knižnica v Martine
|a MTA001
|
| 852 |
|
|
|a SNK
|b KIS3GCP
|
| 954 |
|
|
|a odborná, vedecká literatúra pôvodná (slovenská)
|2 lita
|
| 957 |
|
|
|a 5100
|
| 958 |
|
|
|a RK
|
| 958 |
|
|
|a OND
|
| 958 |
|
|
|a EUIPO
|
| 958 |
|
|
|a article27
|
| 992 |
|
|
|a RBX
|
| 999 |
|
|
|c 1840421
|d 1842351
|